[Event "Torredembarra op 23rd"]
[Site "Torredembarra"]
[Date "2023.07.03"]
[Round "3"]
[White "Martinez Pla, Xavier"]
[Black "Martinez Lopez, Carlos"]
[Result "1/2-1/2"]
[WhiteElo "2268"]
[BlackElo "2016"]
[PlyCount "26"]
[EventDate "2023.07.01"]
[EventType "swiss"]
[EventRounds "9"]
[EventCountry "ESP"]
[SourceTitle "CBM 215 Extra"]
[Source "ChessBase"]
[SourceDate "2023.09.30"]
[SourceVersion "1"]
[SourceVersionDate "2023.09.30"]
[SourceQuality "1"]

1. e4 c5 2. Nf3 Nc6 3. d4 cxd4 4. Nxd4 e5 5. Nb5 d6 6. c4 g6 7. N1c3 a6 8. Na3 Be6 9. Nc2 Bg7 10. Bd3 Nf6 11. 0-0 0-0 12. b3 Nd7 13. Nd5 f5 1/2-1/2

[Event "Catalunya-chT GpB final"]
[Site "Barcelona"]
[Date "2018.03.10"]
[Round "1.5"]
[White "Martinez Lopez, Carlos"]
[Black "Mateos Rozas, Miguel Angel"]
[Result "0-1"]
[WhiteElo "2148"]
[BlackElo "2148"]
[PlyCount "120"]
[EventDate "2018.03.10"]
[EventType "team-tourn"]
[EventRounds "4"]
[EventCountry "ESP"]
[SourceTitle "CBM 183 Extra"]
[Source "ChessBase"]
[SourceDate "2018.04.19"]
[SourceVersion "1"]
[SourceVersionDate "2018.04.19"]
[SourceQuality "1"]
[WhiteTeam "Peona I Peo"]
[BlackTeam "St Cugat"]
[WhiteTeamCountry "ESP"]
[BlackTeamCountry "ESP"]

1. e4 c5 2. Nf3 Nc6 3. d4 cxd4 4. Nxd4 g6 5. Nc3 Bg7 6. Be3 Nf6 7. Bc4 0-0 8. Bb3 d6 9. f3 Bd7 10. Qd2 a5 11. Ndb5 Ne5 12. a4 Rc8 13. 0-0 Nc4 14. Bxc4 Rxc4 15. b3 Rc8 16. Rad1 Bc6 17. Qf2 Nd7 18. Nd5 Bxd5 19. exd5 Nc5 20. Bd4 Qd7 21. Bxg7 Kxg7 22. Qd4+ Kg8 23. Na3 Ra8 24. Nc4 Ra6 25. Qd2 Qc7 26. Qh6 Nxa4 27. f4 Nc3 28. Rd3 Qc5+ 29. Kh1 Ne4 30. Rh3 Nf6 31. f5 Qxd5 32. fxg6 fxg6 33. Ne3 Qf7 34. g4 Qg7 35. Qf4 e6 36. Qa4 g5 37. Rhf3 Raa8 38. h3 d5 39. Qd4 Ne4 40. Rxf8+ Rxf8 41. Rxf8+ Qxf8 42. Nxd5 Qf3+ 43. Kg1 Qg3+ 44. Kf1 Qxh3+ 45. Ke1 Qg3+ 46. Kd1 Qxg4+ 47. Kc1 exd5 48. Qxd5+ Kf8 49. Qd8+ Kf7 50. Qb6 Qe6 51. Qxb7+ Kg6 52. Qa8 Qf5 53. Qe8+ Kh6 54. Qc6+ Kh5 55. c4 Kg4 56. Kb2 h5 57. c5 Qf6+ 58. Qxf6 Nxf6 59. Kc3 h4 60. c6 Ne8 0-1

[Event "Barcelona Tres Peons-H 45th"]
[Site "Barcelona"]
[Date "2016.06.03"]
[Round "8.3"]
[White "Vargas Drechsler, Carlos"]
[Black "Martinez Lopez, Carlos"]
[Result "1/2-1/2"]
[WhiteElo "1893"]
[BlackElo "1942"]
[PlyCount "60"]
[EventDate "2016.04.15"]
[EventType "swiss"]
[EventRounds "9"]
[EventCountry "ESP"]
[SourceTitle "EXT 2024"]
[Source "ChessBase"]
[SourceDate "2023.10.10"]
[SourceVersion "1"]
[SourceVersionDate "2023.10.10"]
[SourceQuality "1"]

1. d4 Nf6 2. Nf3 g6 3. g3 Bg7 4. Bg2 d5 5. 0-0 0-0 6. b3 c5 7. Bb2 cxd4 8. Nxd4 Nc6 9. Nxc6 bxc6 10. c4 e6 11. cxd5 cxd5 12. Nd2 Qa5 13. e4 Ba6 14. Re1 Nxe4 15. Bxg7 Kxg7 16. Bxe4 dxe4 17. Nxe4 Rad8 18. Qc2 Qd5 19. Rad1 Qa5 20. Qb2+ f6 21. b4 Qc7 22. Ng5 Bc8 23. Rc1 Qe7 24. Rxc8 Rxc8 25. Nxe6+ Kh8 26. Re3 Rfe8 27. Nc5 Qg7 28. Ne6 Qe7 29. Nc5 Qg7 30. Ne6 Qe7 1/2-1/2

[Event "Foment Martinenc op-A 18th"]
[Site "Barcelona"]
[Date "2016.05.21"]
[Round "5"]
[White "Garcia Ramos, Daniel"]
[Black "Martinez Lopez, Carlos"]
[Result "1-0"]
[WhiteElo "2253"]
[BlackElo "1942"]
[PlyCount "103"]
[EventDate "2016.04.23"]
[EventType "swiss"]
[EventRounds "9"]
[EventCountry "ESP"]
[SourceTitle "EXT 2017"]
[Source "ChessBase"]
[SourceDate "2016.10.25"]
[SourceVersion "1"]
[SourceVersionDate "2016.10.25"]
[SourceQuality "1"]

1. e4 c5 2. Nc3 Nc6 3. g3 g6 4. Bg2 Bg7 5. d3 d6 6. Be3 Rb8 7. Qd2 b5 8. Nge2 Nd4 9. 0-0 Bg4 10. f3 Bd7 11. Nd1 b4 12. Nc1 a5 13. c3 Nc6 14. d4 bxc3 15. bxc3 cxd4 16. cxd4 Nf6 17. Nc3 0-0 18. N1e2 a4 19. Rab1 Qa5 20. Rxb8 Rxb8 21. Rb1 Rxb1+ 22. Nxb1 Qxd2 23. Nxd2 Nb4 24. Nc3 Ne8 25. Nc4 Be6 26. Bf1 Nc2 27. Kf2 Bxd4 28. Bxd4 Nxd4 29. Nxa4 Bxc4 30. Bxc4 Nc7 31. Nb6 Kf8 32. a4 Nc6 33. Ke3 Ke8 34. Nd5 Nxd5+ 35. Bxd5 Na5 36. Kd3 e6 37. Bc4 Kd7 38. Bb5+ Kc7 39. Kc3 Nb7 40. Kb4 Kb6 41. Be8 f6 42. Bd7 Nc5 43. a5+ Ka7 44. Bb5 f5 45. Bc4 fxe4 46. fxe4 Nxe4 47. Bxe6 Nc5 48. Bc4 Nb7 49. Kb5 g5 50. a6 Nd8 51. Bd5 h6 52. g4 1-0

[Event "Foment Martinenc op-A 18th"]
[Site "Barcelona"]
[Date "2016.05.07"]
[Round "3"]
[White "Delgado Montanes, Jose Antonio"]
[Black "Martinez Lopez, Carlos"]
[Result "0-1"]
[WhiteElo "2067"]
[BlackElo "1942"]
[PlyCount "56"]
[EventDate "2016.04.23"]
[EventType "swiss"]
[EventRounds "9"]
[EventCountry "ESP"]
[SourceTitle "EXT 2017"]
[Source "ChessBase"]
[SourceDate "2016.10.25"]
[SourceVersion "1"]
[SourceVersionDate "2016.10.25"]
[SourceQuality "1"]

1. d4 Nf6 2. Nf3 g6 3. c4 Bg7 4. Nc3 d6 5. g3 0-0 6. Bg2 Nbd7 7. 0-0 e5 8. dxe5 dxe5 9. Qc2 c6 10. Rd1 Qc7 11. h3 Re8 12. e4 Nf8 13. Be3 Ne6 14. c5 b6 15. cxb6 axb6 16. Rac1 Bb7 17. a3 Ba6 18. Na4 c5 19. b4 Bb7 20. bxc5 Bxe4 21. Qb3 Qc6 22. Nxb6 Bxf3 23. Bxf3 Qxf3 24. Nxa8 Nd4 25. Rxd4 exd4 26. Nc7 dxe3 27. Qc4 exf2+ 28. Kh2 Re1 0-1

[Event "ESP-ch U16"]
[Site "Salobrena"]
[Date "2015.07.23"]
[Round "6"]
[White "Aliane Diez, Aaron"]
[Black "Martinez Lopez, Carlos"]
[Result "1/2-1/2"]
[WhiteElo "1834"]
[BlackElo "1996"]
[PlyCount "64"]
[EventDate "2015.07.20"]
[EventType "swiss"]
[EventRounds "9"]
[EventCountry "ESP"]
[SourceTitle "EXT 2016"]
[Source "ChessBase"]
[SourceDate "2015.10.08"]
[SourceVersion "1"]
[SourceVersionDate "2015.10.08"]
[SourceQuality "1"]

1. d4 Nf6 2. c4 c5 3. Nf3 e6 4. Nc3 cxd4 5. Nxd4 a6 6. g3 Qc7 7. Qd3 Nc6 8. Nxc6 dxc6 9. Bg2 Be7 10. 0-0 0-0 11. b3 b6 12. Bb2 Bb7 13. Rad1 c5 14. Ne4 Rfd8 15. Qc2 Nxe4 16. Bxe4 h6 17. Bc3 Rxd1 18. Rxd1 Bxe4 19. Qxe4 Rd8 20. Rd3 Rxd3 21. Qxd3 Qc6 22. a4 h5 23. h4 Qd6 24. Qxd6 Bxd6 25. Kg2 Kf8 26. Kf3 g6 27. Bd2 Ke8 28. Bg5 f5 29. Bf4 e5 30. Bg5 Kd7 31. e4 Bc7 32. Ke3 Ke8 1/2-1/2

[Event "Barcelona Sant Marti op 5th"]
[Site "Barcelona"]
[Date "2014.09.13"]
[Round "2.2"]
[White "Ayza Leon, David"]
[Black "Martinez Lopez, Carlos"]
[Result "1-0"]
[WhiteElo "2295"]
[BlackElo "2115"]
[PlyCount "49"]
[EventDate "2014.09.13"]
[EventType "swiss"]
[EventRounds "9"]
[EventCountry "ESP"]
[SourceTitle "EXT 2024"]
[Source "ChessBase"]
[SourceDate "2023.10.10"]
[SourceVersion "1"]
[SourceVersionDate "2023.10.10"]
[SourceQuality "1"]

1. e4 c5 2. a3 e6 3. b4 cxb4 4. axb4 Bxb4 5. Bb2 Nf6 6. e5 Nd5 7. c4 Nc7 8. Qg4 g6 9. Nc3 h5 10. Qg3 d5 11. Bd3 Nc6 12. Nf3 Qd7 13. 0-0 0-0 14. Ne2 dxc4 15. Bxc4 b5 16. Bb3 Nd5 17. Bxd5 exd5 18. h3 Nd8 19. Nf4 Ne6 20. Nxh5 Be7 21. Nf6+ Bxf6 22. exf6 Qd8 23. Qh4 d4 24. Nxd4 Nxd4 25. Bxd4 1-0

[Event "Barcelona Guinardo 7th"]
[Site "Barcelona"]
[Date "2014.09.03"]
[Round "3"]
[White "Martinez Lopez, Carlos"]
[Black "Povill Claros, Xavier"]
[Result "0-1"]
[WhiteElo "2115"]
[BlackElo "2192"]
[PlyCount "64"]
[EventDate "2014.09.01"]
[EventType "tourn"]
[EventRounds "9"]
[EventCountry "ESP"]
[SourceTitle "EXT 2016"]
[Source "ChessBase"]
[SourceDate "2015.10.08"]
[SourceVersion "1"]
[SourceVersionDate "2015.10.08"]
[SourceQuality "1"]

1. e4 c6 2. d4 d5 3. Nc3 dxe4 4. Nxe4 Bf5 5. Ng3 Bg6 6. f4 e6 7. Nf3 Bd6 8. Bd3 Ne7 9. 0-0 Nd7 10. Bxg6 hxg6 11. Ne5 Nf5 12. Nxf5 gxf5 13. Qe2 Nf6 14. Nf3 Ne4 15. g3 Be7 16. Be3 Bf6 17. c3 Qd5 18. c4 Qa5 19. d5 exd5 20. cxd5 Qxd5 21. Rfd1 Qe6 22. Bd4 0-0 23. Bxf6 Qxf6 24. Ne5 Rfd8 25. Rxd8+ Rxd8 26. Rd1 Rxd1+ 27. Qxd1 Qd6 28. Qb3 Qd4+ 29. Kg2 Qd2+ 30. Kh3 Nf2+ 31. Kh4 Qd8+ 32. Kh5 Qf6 0-1

[Event "Foment Martinenc op-A 16th"]
[Site "Barcelona"]
[Date "2014.05.17"]
[Round "4"]
[White "Martinez Lopez, Carlos"]
[Black "Saez Coma, Alejandro"]
[Result "0-1"]
[WhiteElo "1780"]
[BlackElo "2097"]
[PlyCount "86"]
[EventDate "2014.04.26"]
[EventType "swiss"]
[EventRounds "9"]
[EventCountry "ESP"]
[SourceTitle "EXT 2015"]
[Source "ChessBase"]
[SourceDate "2014.11.20"]
[SourceVersion "1"]
[SourceVersionDate "2014.11.20"]
[SourceQuality "1"]

1. e4 c5 2. Nf3 Nc6 3. d4 cxd4 4. Nxd4 g6 5. Nc3 Bg7 6. Be3 Nf6 7. Bc4 Qa5 8. 0-0 0-0 9. Nb3 Qc7 10. f4 d6 11. Be2 a6 12. Bf3 e6 13. a4 b6 14. Qe1 Bb7 15. Qf2 Nd7 16. Nd4 Nxd4 17. Bxd4 Bxd4 18. Qxd4 e5 19. Qd2 exf4 20. Rad1 Qc5+ 21. Kh1 Ne5 22. Qxd6 Rad8 23. Qxc5 bxc5 24. b3 Kg7 25. Kg1 g5 26. h3 Kg6 27. Rxd8 Rxd8 28. Rd1 Rxd1+ 29. Nxd1 h5 30. Nf2 c4 31. Be2 cxb3 32. cxb3 a5 33. Kf1 Nd7 34. Bd1 Nc5 35. Bc2 Kf6 36. Ke2 Ke5 37. Nd3+ Nxd3 38. Bxd3 Bxe4 39. b4 axb4 40. a5 Bxg2 41. a6 Kd6 42. Bc4 f6 43. Bf7 h4 0-1

[Event "Cerdanyola del Valles op-A 32th"]
[Site "Cerdanyola del Valles"]
[Date "2014.??.??"]
[Round "8.7"]
[White "Martinez Lopez, Carlos"]
[Black "Flores de Paco, David"]
[Result "1/2-1/2"]
[WhiteElo "1897"]
[BlackElo "1963"]
[PlyCount "57"]
[EventDate "2014.10.04"]
[EventType "swiss"]
[EventRounds "8"]
[EventCountry "ESP"]
[SourceTitle "EXT 2024"]
[Source "ChessBase"]
[SourceDate "2023.10.10"]
[SourceVersion "1"]
[SourceVersionDate "2023.10.10"]
[SourceQuality "1"]

1. e4 d6 2. d4 Nf6 3. Nc3 e5 4. Nf3 Nbd7 5. Bc4 Be7 6. 0-0 0-0 7. Re1 a6 8. a4 exd4 9. Qxd4 Ng4 10. Nd5 Nde5 11. Nxe5 Nxe5 12. Nxe7+ Qxe7 13. Bb3 Qh4 14. Qc3 Kh8 15. Qg3 Qxg3 16. hxg3 Be6 17. Rd1 Bxb3 18. cxb3 a5 19. Bf4 f6 20. Bxe5 fxe5 21. Rac1 Rf7 22. Rd5 g5 23. g4 Kg7 24. Rd3 Kf8 25. Kf1 Ke8 26. Rh3 Kd7 27. Ke2 Raf8 28. f3 Rg7 29. Rch1 1/2-1/2